Statystyki dla Stolice rozpoczynające się na B (z częściowo pustą mapą)

Kliknij tutaj aby rozwiązać quiz!

Ogólne statystyki

  • Ten quiz został rozwiązany 292 razy
  • Średni wynik to 180 z 196

Odpowiedzi na mapie

Odpowiedzi skodowane kolorowo w zielono-czerwonej skali na mapie do tego quizu, zgodnie z poniższymi procentami.
 

Statystyki odpowiedzi

stolica% Poprawnych
x
100%
Berlin
72%
Bruksela
71%
Bukareszt
66%
Budapeszt
65%
Bratysława
63%
Belgrad
57%
Berno
57%
Brasília
57%
Buenos Aires
47%
Bogota
43%
Bangkok
40%
Bagdad
39%
Baku
34%
Bejrut
28%
Biszkek
28%
Bamako
23%
Belmopan
23%
Brazzaville
19%
Bandżul
17%
Bangi
17%
Bissau
17%
Bridgetown
17%
Bandar Seri Begawan
16%
Basseterre
11%
Bloemfontein
6%

Rozkład punktacji

Percentyl według liczby udzielonych odpowiedzi

Procent ludzi z każdym wynikiem

Twoja historia wyników

Nie rozwiązałeś tego quizu